La Création / (Record no. 162832)

MARC details
000 -LEADER
campo de control de longitud fija 00643nam a22001815i 4500
001 - NÚMERO DE CONTROL
campo de control 162832
003 - IDENTIFICADOR DE NÚMERO DE CONTROL
campo de control ES-MaACL
005 - FECHA Y HORA DE LA ÚLTIMA TRANSACCIÓN
campo de control 20250803063059.0
008 - DATOS DE LONGITUD FIJA--INFORMACIÓN GENERAL
campo de control de longitud fija 990701s1870 fr |||| | fre d
040 ## - FUENTE DE CATALOGACIÓN
Centro catalogador/agencia de origen GA
Lengua de catalogación spa
Centro/agencia transcriptor CCPB | 3D
100 1# - ENTRADA PRINCIPAL--NOMBRE DE PERSONA
Nombre de persona Quinet, Edgar,
Fechas asociadas al nombre 1803-1875
9 (RLIN) 94643
245 13 - MENCIÓN DEL TÍTULO
Título La Création /
Mención de responsabilidad, etc. par Edgar Quinet.
260 ## - PUBLICACIÓN, DISTRIBUCIÓN, ETC.
Lugar de publicación, distribución, etc. Paris :
Nombre del editor, distribuidor, etc. Librairie internationale, A. Lacroix, Verboeckhoven et Ce.,
Fecha de publicación, distribución, etc. 1870 (
Lugar de fabricación/manufactura Saint-Germain :
Fabricante Imprimerie L. Toinon)
300 ## - DESCRIPCIÓN FÍSICA
Extensión 2 v. ;
Dimensiones 23 cm.
597 ## - NOTA DE DESCRIPCIÓN FÍSICA
NOTA DE DESCRIPCIÓN FÍSICA T. I (VI, 374 p.) -- t. II (428 p.)
852 ## - LOCALIZACIÓN
Ubicación ES-MaACL
Número de control de estantería G-10451
Nota libre -- Enc. hol.
-- -- 2 t. en 1 v.
Holdings
Estatus retirado Estado de pérdida Estado de daño No para préstamo Colección Biblioteca de origen Biblioteca actual Ubicación en estantería Fecha de adquisición Fuente de adquisición Total de préstamos Signatura topográfica completa Código de barras Visto por última vez Precio de reemplazo Tipo de ítem Koha
        Libros del s. XIX Biblioteca del Ateneo de Madrid Biblioteca del Ateneo de Madrid Sala Pecera Planta 3 17/01/2008     G-10451 1170603 23/02/2023 23/02/2023 Libro impreso antiguo